CBSC microecomics/ (Record no. 101559)

MARC details
000 -LEADER
fixed length control field 00592nam a22002057a 4500
005 - DATE AND TIME OF LATEST TRANSACTION
control field 20250219120606.0
010 ## - LCCN (DPL NO)
LC control number ENG-115566 ENG-143861
020 ## - INTERNATIONAL STANDARD BOOK NUMBER
International Standard Book Number 9788173818066
Terms of availability 265.00
035 ## - SYSTEM CONTROL NUMBER
System control number EN-99099
035 ## - SYSTEM CONTROL NUMBER
System control number EN-127393
037 ## - SOURCE OF ACQUISITION
Source of stock number/acquisition DBAD
082 ## - DEWEY DECIMAL CLASSIFICATION NUMBER
Classification number 338.5
100 ## - MAIN ENTRY--PERSONAL NAME
Personal name Mukherjee, Sampat
245 ## - TITLE STATEMENT
Title CBSC microecomics/
Statement of responsibility, etc by Sampat Mukherjee
260 ## - PUBLICATION, DISTRIBUTION, ETC. (IMPRINT)
Place of publication, distribution, etc New Delhi
Name of publisher, distributor, etc New Central Book Agency
Date of publication, distribution, etc 2016
270 ## - ADDRESS
Address 8/1,Chintamoni Das Lane
City Kolkata
Postal code 700009
300 ## - PHYSICAL DESCRIPTION
Extent 368p.
Dimensions 24cm(pbk)
500 ## - GENERAL NOTE
General note For Class XII
942 ## - ADDED ENTRY ELEMENTS (KOHA)
Source of classification or shelving scheme Dewey Decimal Classification
Item type English Books
Classification part 338.5
Call number suffix MUK
Holdings
Withdrawn status Lost status Not for loan Collection code Home library Current library Date acquired Source of acquisition Cost, normal purchase price Full call number Barcode Copy number Cost, replacement price Koha item type
    Not For Loan Non-fiction D.B.Act.Division Bawana 28/07/2016 DBAD/PUB 265.00 338.5 MUK EN-99098 1 265.00 English Books
      Non-fiction Central Library Central Library 19/02/2025 Delivery of Books Act Division 235.00 338.5 MUK EN-127393 1 235.00 English Books

© Delhi Public Library
Hit Counter
free hit counter